00537nam a2200181Ia 4500003000400000008004100004020001500045040001600060082001700076100002500093245007700118700002100195260004700216300002100263490002300284650002800307650002000335GCL140319s9999 xx 000 0 eng d a0762400021 aGCL / cGCL04aCHb932bM A1 aMANUELIAN, PETER DER10aANCIENT EGYPT : bA FACT - FILLED COLORING BOOK / cMANUELIAN, PETER DER1 aDRIGGS, HELEN I. aنيويورك : bRUNNING PRESS ، c1997 a27 CM ؛ c125 P aSTART EXPLORINGv004aANCIENT EGYPT - HISTORY04aEGYPT - HISTORY